| 000 | 00981cab a22001935a 4500 | ||
|---|---|---|---|
| 001 | L151552 | ||
| 008 | 101116e20101105xxk 000 0 eng d | ||
| 035 | _a(Sirsi) u151552 | ||
| 041 | 0 | _aeng | |
| 100 | 1 | _aJohnstone, Nick | |
| 245 | 0 | 0 | _aIs under over? |
| 260 | _c2010 | ||
| 490 | 0 |
_aProperty Week _v76(44) 5 November 2010, 80-81 (2) |
|
| 520 | _aPostgraduate conversion courses in property related subjects are becoming more popular at the expense of the traditional undergraduate property degree, a trend that is likely to strengthen with the introduction of higher tuition fees probably in September 2012. Browne's review emphasises part-time study and distance learning as ways of reducing costs of professional higher education. Students will look more carefully at the employment investment potential of courses. | ||
| 590 | _aKA | ||
| 651 | 4 |
_aUnited Kingdom _y |
|
| 690 | _aCAREERS, EDUCATION AND TRAINING-QUALIFICATION ROUTES-RICS ACCREDITED COURSES | ||
| 942 | _n0 | ||
| 999 |
_c82820 _d82820 |
||